| 000 | 01208nam a2200313 a 4500 | ||
|---|---|---|---|
| 001 | 000114520 | ||
| 003 | CHAP | ||
| 005 | 20220329144444.0 | ||
| 008 | 180209s2017 mx sm |||||||spa d | ||
| 010 | _a110981 | ||
| 011 | _a111953 | ||
| 040 | _cCHAP | ||
| 090 | _aTesis | ||
| 100 | 1 |
_aVieyra Rojas, Guadalupe _9134629 |
|
| 245 | 1 | 0 |
_aElaboración de planos, manuales y digitalización de máquinas multiprosesadoras de composta _h[En línea] _cpor Guadalupe Vieyra Rojas. |
| 260 |
_aChapingo, Méx. : _bEl autor, _c2017. |
||
| 500 | 0 | _aPara ver el contenido del material haga clic en la liga | |
| 502 | _aTesis (Ing. Mecánico Agrícola) -- UACH. Departamento de Ingeniería Mecánica Agrícola | ||
| 590 |
_aE6339RRR _b05 _c20180209 _lUCH01 _h1335 |
||
| 590 |
_aE6339RRR _b05 _c20180209 _lUCH01 _h1336 |
||
| 590 |
_aE6339RRR _b05 _c20180209 _lUCH01 _h1338 |
||
| 650 | 1 | 4 |
_aCompost _xInnovaciones tecnológicas. _9133711 |
| 650 | 1 | 4 |
_aMaquinaria agrícola _xDiseño y construcción. _9132138 |
| 650 | 1 | 4 |
_aProcesamiento automático de datos en maquinaria agrícola. _991799 |
| 856 |
_aFinding aid _uhttp://10.13.5.2/tesis/sist114520.pdf _zTeclea aquí |
||
| 901 | _aBK | ||
| 942 | _cLIBRO | ||
| 942 | _n0 | ||
| 999 |
_c110981 _d110981 |
||